Statistics for Autonomous Communities of Spain Flags Map Quiz

Click here to take the quiz!

General Stats

  • This quiz has been taken 187 times
  • The average score is 10 of 17

Answers on the Map

Answers color-coded by a green-red scale on the quiz's map according to % correct below.
 

Answer Stats

Answer% Correct
Basque Country
80%
Catalonia
80%
Canary Islands
66%
Galicia
66%
Balearic Islands
66%
Valencia
66%
Andalusia
65%
Madrid
63%
Castile and León
61%
Aragon
60%
Extremadura
58%
Asturias
56%
Navarre
50%
Murcia
47%
La Rioja
47%
Castile-La Mancha
47%
Cantabria
43%

Score Distribution

Percentile by Number Answered

Percent of People with Each Score

Your Score History

You have not taken this quiz